书目信息 |
| 题名: |
联合国宪章的修改问题
|
|
| 作者: | 赵理海 著 | |
| 分册: | ||
| 出版信息: | 北京 北京大学出版社 1982 |
|
| 页数: | 243页 | |
| 开本: | 21cm | |
| 丛书名: | ||
| 单 册: | ||
| 中图分类: | D813.2 | |
| 科图分类: | ||
| 主题词: | 联合国--问题 | |
| 电子资源: | ||
| ISBN: | ||
| 000 | 00626nam0 2200229 45 | |
| 001 | 0182008646 | |
| 005 | 20050629101904.7 | |
| 010 | @dCNY1.00 | |
| 091 | @a6209.14 | |
| 100 | @a19950407d1982 em y0chiy0121 ea | |
| 101 | 0 | @achi |
| 102 | @aCN@b110000 | |
| 105 | @ay z 000yy | |
| 200 | 10 | @a联合国宪章的修改问题@Alian he guo xian zhang de xiu gai wen ti@f赵理海著@FZhao Li Hai Zhu |
| 210 | @a北京@c北京大学出版社@d1982 | |
| 215 | @a243页@d21cm | |
| 606 | @a联合国@x问题 | |
| 690 | @aD813.2@v3 | |
| 701 | 0 | @a赵理海@4著 |
| 801 | 0 | @aCN@b上海图书馆@c20040429 |
| 801 | 2 | @aCN@bNLC@c20040429 |
| 905 | @dD813.2@e7@f1@b72903 | |
| 联合国宪章的修改问题/赵理海著.-北京:北京大学出版社,1982 |
| 243页;21cm |
| ISBN :CNY1.00 |
| ● |
| 相关链接 |
|
|
|
|
正题名:联合国宪章的修改问题
索取号:D813.2/7
 
预约/预借
| 序号 | 登录号 | 条形码 | 馆藏地/架位号 | 状态 | 备注 |
| 1 | 0072901 | 001016769 | 第一借阅区/ [索取号:D813.2/7] | 在馆 | |
| 2 | 0072902 | 001016787 | 第一借阅区/ [索取号:D813.2/7] | 在馆 | |
| 3 | 0072903 | 001016778 | 第一样本阅览室/ [索取号:D813.2/7] | 在馆 |